personnage principaux Harry Potter - Statistiques

Statistiques générales
  • Ce quiz a été pris 127 fois
    114 depuis la dernière actualisation
  • Le résultat moyen est 9 sur 13
Statistiques - réponses
Hint Réponse % Correct
1 Harry
99%
2 Hermione
99%
3 Ron
98%
8 Albus
88%
11 Severus
82%
10 Drago
80%
4 Neville
78%
12 Minerva
77%
6 Ginny
74%
5 Luna
74%
7 Rubeus
56%
13 Hedwige
25%
9 Tom Elvis
2%
Aucun quiz correspondant
Distribution des résultats
% des personnes avec chaque résultat
Percentile par nombre de réponses
Votre historique - résultats
Vous n’avez pas pris ce quiz depuis la dernière actualisation